000 00313nam a2200121Ia 4500
008 220217s9999||||xx |||||||||||||| ||und||
082 _a621.381 3 EAS
100 _aEasten lab
_91379
245 0 _aRF microwave standards
260 _aEasten lab
_bCalifornia
300 _b0
650 _aMICROWAVE ENGINEERING
999 _c166425
_d166425